000 00540nam a22001937a 4500
003 KOHA_MİRAKIL
005 20251111083815.0
008 251111b tu ||||| |||| 00| 0 tur d
020 _a9786057639264
040 _aTR-AnABB
_btur
_cTR-AnABB
041 _atur
082 _a899.22132
_bTOE 2020
100 1 _aToer, Pramoedya Ananta,
245 1 0 _aKaçak /
_cPramoedya Ananta Toer
260 _aİstanbul :
_bDedalus Kitap,
_c2020
300 _a166 sayfa ;
_c20 cm
650 0 4 _aEndonezya edebiyatı, roman
942 _2ddc
_cBK
999 _c9328
_d9328
900 _bGizem YORULMAZ